00802nam a2200193 a 450000100100000000500170001000800410002702000180006804000250008608200150011124501170012626000620024330000170030550000740032250400550039670000270045195201130047899900170059100004422320201002045228.0140610s2010 cu 000 0 spa d a9789590612732 aDO-SdBNPbspacBNPHU axxxxbxxxx00aLa condición humana en el pensamiento cubano del siglo xx :bprimer tercio del siglo /c[edición Enid Vian]. aLa Habana, Cuba :bEditorial de Ciencias Sociales,c2010. av. ;c23 cm. aIncluye referencias bibliográficas y notas al apie de las páginas aIncluye bibliografía al final de cada cápitulo12aVian, Enideed.928106 001050718MOaGRbGRcCTd2014-06-10iLF1l0oxxxx xxxxp44223-10r2020-06-25w2020-06-25y1ZNo se presta c43712d43712